000 00211 a2200097 4500
001 52689
100 _aNewmark J
245 _aFinite Mathematics
260 _aNew York
_bHarper & Row
_c
090 _c33133
_d33133
942 _aNUST-CAE
_cM
_c25707
999 _c287762
_d287762